Governance and service delivery score card in Delft, Cape Town (Record no. 75976)
[ view plain ]
| 000 -LEADER | |
|---|---|
| fixed length control field | 00969nam a2200181 a 4500 |
| 008 - FIXED-LENGTH DATA ELEMENTS--GENERAL INFORMATION | |
| fixed length control field | 121019s2011 ||||||||||||||||| || u |
| 050 ## - LIBRARY OF CONGRESS CALL NUMBER | |
| Classification number | ACCD(02)2011/1 |
| 100 ## - MAIN ENTRY--PERSONAL NAME | |
| Personal name | Thompson, Lisa |
| 245 10 - TITLE STATEMENT | |
| Title | Governance and service delivery score card in Delft, Cape Town |
| Statement of responsibility, etc. | by Lisa Thompson, Ndodana Nleya and Cherrel Africa |
| 260 ## - PUBLICATION, DISTRIBUTION, ETC. | |
| Place of publication, distribution, etc. | Cape Town: |
| Name of publisher, distributor, etc. | African Centre for Citizenship and Democracy |
| Date of publication, distribution, etc. | 2011 |
| 300 ## - PHYSICAL DESCRIPTION | |
| Extent | [5p.] |
| 650 ## - SUBJECT ADDED ENTRY--TOPICAL TERM | |
| Topical term or geographic name entry element | GOVERNANCE--SERVICE DELIVERY--DELFT--CAPE TOWN |
| 700 ## - ADDED ENTRY--PERSONAL NAME | |
| Personal name | Africa, Cherrel |
| 700 ## - ADDED ENTRY--PERSONAL NAME | |
| Personal name | Nleya, Ndodana |
| 995 ## - | |
| -- | SPECIAL COLLECTIONS |
| -- | 431 |
| -- | CBU-MAIN LIBRARY (Kitwe) |
| -- | ACCD(02)2011/1C |
| -- | 3 |
| -- | AVAILABLE |
| -- | Dec 31, 2012 |
| -- | B431 |
| -- | International Publications |
| 995 ## - | |
| -- | SPECIAL COLLECTIONS |
| -- | 243 |
| -- | CBU-MAIN LIBRARY (Kitwe) |
| -- | ACCD(02)2011/1A |
| -- | 1 |
| -- | AVAILABLE |
| -- | Oct 19, 2012 |
| -- | B243 |
| -- | International Publications |
| 995 ## - | |
| -- | SPECIAL COLLECTIONS |
| -- | 430 |
| -- | CBU-MAIN LIBRARY (Kitwe) |
| -- | ACCD(02)2011/1B |
| -- | 2 |
| -- | AVAILABLE |
| -- | Dec 31, 2012 |
| -- | B430 |
| -- | International Publications |
| 999 ## - | |
| -- | 75976 |
| -- | 75976 |
| Withdrawn status | Lost status | Source of classification or shelving scheme | Damaged status | Not for loan | Permanent Location | Current Location | Shelving location | Date acquired | Total Checkouts | Full call number | Barcode | Date last seen | Copy number | Price effective from | Koha item type |
|---|---|---|---|---|---|---|---|---|---|---|---|---|---|---|---|
| CBU-MAIN LIBRARY, KITWE. | CBU-MAIN LIBRARY, KITWE. | 04/25/2023 | ACCD(02)2011/1C | B431 | 04/25/2023 | 1 | 04/25/2023 | SPECIAL COLLECTION | |||||||
| CBU-MAIN LIBRARY, KITWE. | CBU-MAIN LIBRARY, KITWE. | 04/25/2023 | ACCD(02)2011/1A | B243 | 04/25/2023 | 2 | 04/25/2023 | SPECIAL COLLECTION | |||||||
| CBU-MAIN LIBRARY, KITWE. | CBU-MAIN LIBRARY, KITWE. | 04/25/2023 | ACCD(02)2011/1B | B430 | 04/25/2023 | 3 | 04/25/2023 | SPECIAL COLLECTION |